| 000 | 00754nam a22002057a 4500 | ||
|---|---|---|---|
| 999 |
_c12116 _d12116 |
||
| 003 | AR-CdUCM | ||
| 008 | 190405b ||||| |||| 00| 0 spa d | ||
| 040 |
_aMUNICIPALIDAD PROVINCIAL DEL CUSCO _cBIBLIOTECA MUNICIPAL DEL CUSCO |
||
| 082 |
_aC / 869.5503 / _bOJ38 |
||
| 100 |
_aOjeda, Pablo _929803 |
||
| 245 | _aPresente crítico del Cusco / | ||
| 260 |
_aCusco : _bAgrupación René Ramírez, _c1971. |
||
| 300 |
_a20 páginas ; _c17 cm. |
||
| 505 | _aContenido: Panorama general -- Conciencia política -- Compromiso -- Estancamiento -- Arribismo -- Cusqueños Norteamericanizados ... | ||
| 650 |
_aPeriodismo Cusqueño _923805 |
||
| 650 |
_aLiteratura Cusqueña _97280 |
||
| 650 |
_aCusco _9772 |
||
| 942 |
_2ddc _cLIBROS |
||
| 945 |
_aachl _d2019-04-05 |
||